Statistics: Basic techniques for solving applied problems (Record no. 25582)

MARC details
000 -LEADER
fixed length control field 00302nam a2200109Ia 4500
082 ## - DEWEY DECIMAL CLASSIFICATION NUMBER
Classification number 031
Item number BOO
100 ## - MAIN ENTRY--AUTHOR NAME
Personal name BOOK, Stephen A
245 #0 - TITLE STATEMENT
Title Statistics: Basic techniques for solving applied problems
260 ## - PUBLICATION, DISTRIBUTION, ETC. (IMPRINT)
Place of publication New York
Name of publisher McGraw Hill
Year of publication 1977
942 ## - ADDED ENTRY ELEMENTS (KOHA)
Koha item type Books
Holdings
Withdrawn status Lost status Damaged status Not for loan Home library Current library Date acquired Full call number Accession Number Koha item type
        RRII Library RRII Library 16/12/2021 031 BOO 06237 Books